LEADER 00720nam a2200217 i 4500 001 000000029350 003 CaOOAMICUS 005 20180830125448.0 008 180830s1980 it u000 u ita u 040 $aSeMil$bita 245 10$aLombardia :$bil territorio, l'ambiente, il paesaggio. 260 $aMilano :$bElecta,$c1980. 300 $av. ;$c28 cm. 650 4$aLombardia - Geografia.$0(OLS)http://semarc/subject/4690 774 0 $t1.$w()226422 774 0 $t4.$w()226423 774 0 $t5.$w()226424 774 0 $t2.$w()226425 774 0 $t3.$w()226426 996 $6245$aLombardia :$bil territorio, l'ambiente, il paesaggio$9(OLS)http://semarc/title/39872 996 $6260$aMilano :$bElecta$9(OLS)http://semarc/publisher/29711 LEADER 01063nam a2200265 i 4500 001 000000121903 003 CaOOAMICUS 005 20040115000000.0 008 040115s2003 it u000 u ita u 013 $a94598 020 $a88-514-0136-5 040 $aSeMil$bita 100 1 $aCervellera, Bernardo.$0(OLS)http://semarc/name/41448 245 10$aMissione Cina :$bViaggio nell'Impero tra mercato e repressione /$cBernardo Cervellera. 260 $aMilano :$bÀncora,$c2003. 300 $a188 p., [8] p. di tav. ;$c21 cm. 490 0 $aFrontiere 650 4$aCina.$0(OLS)http://semarc/subject/5909 830 0$aFrontiere.$0(OLS)http://semarc/title/1759 850 $aSeMil 852 $aSeMil$W1$xVenegono$y1$m3E III 36$j76946$B76946$CSeMilBibl$Z2$F100528 $81 961 $aOmaggio: Giudici Ecc. Giovanni 996 $6020$a88-514-0136-5$9(OLS)http://semarc/number/107534 996 $6245$aMissione Cina :$bViaggio nell'Impero tra mercato e repressione$9(OLS)http://semarc/title/179578 996 $6260$aMilano :$bÀncora$9(OLS)http://semarc/publisher/29763